00581nam a2200205 a 4500001001300000003000900013005001700022008004100039020002300080082001300103100002600116245006900142260004400211300000900255500003500264505001000299650002000309650002000329700002600349nice12345678IN_TiNIC20260116013730.0050524s1998 lona grp 000 0 eng  a0193658 c42500a823bSAT aSathiandhan, Krupabai aSagunab the First Autobiographical Novel in English By an Woman aLondan bOxford University Press c1998 a182p aincludes index and biblioraphy2 aIndex aEnglish-Fiction aWomen-Biography1 aSathiandhan, Krupabai